MARC

Tag First Indicator Second Indicator Subfields
LEADER 00000cas a2200000 a 4500
001 in00002784863
005 20151202171854.0
006 m o d
007 cr bn||||||abp
007 cr bn||||||ada
008 100318d19681981pauqr poo 0 0eng c
010 |a  2010235311 
019 |a 297416738 
022 |l 0041-9311  |y 0041-9311 
029 1 |a NZ1  |b 13642147 
035 |a (OCoLC)ocn560253122 
035 |a (OCoLC)560253122  |z (OCoLC)297416738 
040 |a OCLCE  |b eng  |c OCLCE  |d EYM  |d HUL  |d OCLCQ  |d TXA  |d UtOrBLW 
042 |a dlr  |a pcc 
049 |a TXAM 
050 4 |a PN1993  |b .U63 Electronic 
082 0 4 |a 791.43/09  |2 19 
245 0 0 |a Journal of the University Film Association. 
264 0 |a [Columbus, Ohio] :  |b University Film Producers Association,  |c ©1968-©1981. 
310 |a Quarterly 
336 |a text  |b txt  |2 rdacontent 
337 |a computer  |b c  |2 rdamedia 
338 |a online resource  |b cr  |2 rdacarrier 
362 1 |a Began with: Vol. 20, no. 1 (1968); ceased: Vol. 33, no. 4 (fall 1981). 
506 |3 Use copy  |f Restrictions unspecified  |2 star  |5 MiAaHDL 
515 |a Some issues combined. 
515 |a Chronological designation added with v. 27, no. 4 (fall 1975). 
533 |a Electronic reproduction.  |b [S.l.] :  |c HathiTrust Digital Library,  |d 2010.  |5 MiAaHDL 
583 1 |a digitized  |c 2010  |h HathiTrust Digital Library  |l committed to preserve  |2 pda  |5 MiAaHDL 
588 |a Description based on: Vol. 20, no. 1 (1968); title from cover (JSTOR, viewed Oct. 7, 2010). 
588 |a Final issue consulted: Vol. 33, no. 4 (fall 1981) (JSTOR, viewed Oct. 7, 2010). 
500 |a Electronic resource. 
650 0 |a Documentary films  |v Periodicals. 
650 0 |a Motion pictures in higher education  |v Periodicals. 
650 6 |a Films documentaires  |v Périodiques. 
650 6 |a Cinéma en éducation  |v Périodiques. 
650 6 |a Cinéma  |v Périodiques. 
710 2 |a University Film Association. 
776 0 8 |i Print version:  |t Journal of the University Film Association  |x 0041-9311  |w (DLC) 92649289  |w (OCoLC)2255186 
780 0 0 |t Journal of the University Film Producers Association  |w (DLC) 2010235310  |w (OCoLC)654474645 
785 0 0 |t Journal of the University Film and Video Association  |w (DLC) 2010235312  |w (OCoLC)669053443 
948 |a cataloged  |b h  |c 2012/12/14  |d c  |e spoltoratski  |f 11:19:52 am  |g sc 
994 |a C0  |b TXA 
999 |a MARS 
999 f f |s aa3b9249-84f0-3972-9cf8-85e26a1b4bfc  |i 1948cbb9-db19-3ae4-9c38-3d768af38601  |t 0 
952 f f |a Texas A&M University  |b College Station  |c Electronic Resources  |d Available Online  |t 0  |e PN1993 .U63  |g Electronic  |h Library of Congress classification 
998 f f |a PN1993 .U63  |t 0  |l Available Online